000
00256nam a2200097Ia 4500
008
170619s9999 xx 000 0 und d
100
_a
Jeyapoovan- T
245
0
_a
Engineering Drawing & Graphics Using Auto CAD
260
_b
Vikash Publishing House
260
_c
2012
546
_a
ENGLISH
999
_c
21141
_d
21141